000 00491nam a22001337a 4500
999 _c7502
_d7502
008 211203b ||||| |||| 00| 0 eng d
040 _aCDMR
245 _aManual de autoprotección para periodistas en el conflicto colombiano /
_c[investigación y redacción Óscar Escamilla]
260 _aBogotá:
_bFLiP-UNESCO,
_c2003
300 _a106 pàgines;
_c17 cm
650 0 _92560
_aCorresponsals de guerra
_xMesures de seguretat
_zColòmbia
700 _94757
_aEscamilla, Óscar
942 _2udc
_cMON